Equipment planning guide for vocational and technical training and education programming (Record no. 59782)

MARC details
000 -LEADER
fixed length control field 00899nam a2200241 4500
082 ## - DEWEY DECIMAL CLASSIFICATION NUMBER
Classification number 371.425
Item number INT
100 ## - MAIN ENTRY--PERSONAL NAME
Personal name International labour office,Geneva
245 ## - TITLE STATEMENT
Title Equipment planning guide for vocational and technical training and education programming
260 ## - PUBLICATION, DISTRIBUTION, ETC.
Place of publication, distribution, etc. Geneva
Name of publisher, distributor, etc. International labour office
Date of publication, distribution, etc. 1974
300 ## - PHYSICAL DESCRIPTION
Extent v. : ill. ; 30cm.
500 ## - GENERAL NOTE
General note Contents:
500 ## - GENERAL NOTE
General note v.1: Machining and fitting occupations
500 ## - GENERAL NOTE
General note v.2: Tool and die making
500 ## - GENERAL NOTE
General note v.3: Welding occupations
500 ## - GENERAL NOTE
General note v.4: Sheet metal occupations
500 ## - GENERAL NOTE
General note v.5: Automotive occupations
500 ## - GENERAL NOTE
General note v.6: Plumbing/pipes fitting occupations
500 ## - GENERAL NOTE
General note v.8: Carpentary and joinery
500 ## - GENERAL NOTE
General note v.10: Electronics
500 ## - GENERAL NOTE
General note v.15: Audiovisual,draughting,office,reproduction and other ancillary equipment and supplies
500 ## - GENERAL NOTE
General note v.16: Hotel and catering
500 ## - GENERAL NOTE
General note v.17: Forestry
Holdings
Withdrawn status Lost status Source of classification or shelving scheme Damaged status Not for loan Collection code Home library Current library Date acquired Total Checkouts Full call number Barcode Date last seen Copy number Price effective from Koha item type
    Dewey Decimal Classification     REFERENCE North Eastern Hill University North Eastern Hill University 24/11/2011   R 371.425 INT 153387 24/11/2011 .1 24/11/2011 Reference Book
    Dewey Decimal Classification     REFERENCE North Eastern Hill University North Eastern Hill University 24/11/2011   R 371.425 INT 153388 24/11/2011 .2 24/11/2011 Reference Book
    Dewey Decimal Classification     REFERENCE North Eastern Hill University North Eastern Hill University 24/11/2011   R 371.425 INT 153389 24/11/2011 .3 24/11/2011 Reference Book
    Dewey Decimal Classification     REFERENCE North Eastern Hill University North Eastern Hill University 24/11/2011   R 371.425 INT 153390 24/11/2011 .4 24/11/2011 Reference Book
    Dewey Decimal Classification     REFERENCE North Eastern Hill University North Eastern Hill University 24/11/2011   R 371.425 INT 153391 24/11/2011 .5 24/11/2011 Reference Book
    Dewey Decimal Classification     REFERENCE North Eastern Hill University North Eastern Hill University 24/11/2011   R 371.425 INT 153392 24/11/2011 .6 24/11/2011 Reference Book
    Dewey Decimal Classification     REFERENCE North Eastern Hill University North Eastern Hill University 24/11/2011   R 371.425 INT 153393 24/11/2011 .8 24/11/2011 Reference Book
    Dewey Decimal Classification     REFERENCE North Eastern Hill University North Eastern Hill University 24/11/2011   R 371.425 INT 153394 24/11/2011 .14 24/11/2011 Reference Book
    Dewey Decimal Classification     REFERENCE North Eastern Hill University North Eastern Hill University 24/11/2011   R 371.425 INT 153395 24/11/2011 .15 24/11/2011 Reference Book
    Dewey Decimal Classification     REFERENCE North Eastern Hill University North Eastern Hill University 24/11/2011   R 371.425 INT 153396 24/11/2011 .17 24/11/2011 Reference Book
    Dewey Decimal Classification     REFERENCE North Eastern Hill University North Eastern Hill University 24/11/2011   R 371.425 INT 152816 24/11/2011 .10 24/11/2011 Reference Book
    Dewey Decimal Classification     REFERENCE North Eastern Hill University North Eastern Hill University 24/11/2011   R 371.425 INT 152817 24/11/2011 .16 24/11/2011 Reference Book